000 00535nam a2200169 i 4500
001 134763
003 ES-MaACL
005 20230906194735.0
007 t|
008 070913s1973 sp ||||1| spa d
100 1 _aWeiss, Horst.
_9116400
245 1 1 _a¿Vino nuevo en odres viejos?
_b: consecuencias sociopolíticas del Evangelio /
_cHorst Weiss ; traducción por Eloy Requena.
260 _aMadrid :
_bStudium,
_c[1973]
300 _a130 p. ;
_c19 cm.
700 1 _aRequena, Eloy.
_996289
852 _aES-MaACL
_jC-54574
_bR.87184
999 _c134763
_d134763